| 000 | 00462nmm a2200169Ia 4500 | ||
|---|---|---|---|
| 008 | 251105s9999||||xx |||||||||||||||||und|| | ||
| 020 | _a9791222411453 | ||
| 041 | _aeng | ||
| 100 | _aOwl, Grey | ||
| 245 | 0 | _aPilgrims of the Wild | |
| 264 |
_a[Quito, Ecuador] : _bCervantes Digital, _c2023 |
||
| 300 | _a272 páginas | ||
| 490 | _aNarrativa | ||
| 650 | _aNorth American narrative | ||
| 856 | _uhttps://public.digitaliapublishing.com/a/127879 | ||
| 942 | _cCF | ||
| 999 |
_c98188 _d98188 |
||